Statistics for Highest non-religious % countries

Click here to take the quiz!

General Stats

  • This quiz has been taken 42 times
  • The average score is 15 of 20

Answer Stats

PercentageAmountAnswer% Correct
51.8%720.1 millionChina
94%
29%2.86 millionSweden
92%
31.2%20.07 millionUK
92%
71.3%18.07 millionNorth Korea
86%
31.9%20.83 millionFrance
83%
26.3%21.15 millionGermany
83%
44.3%7.55 millionNetherlands
83%
46.6%23.25 millionSouth korea
83%
31%3.37 millionBelguim
81%
60%74.78 millionJapan
81%
28.6%6.99 millionAustralia
78%
39.6%1.91 millionNew Zealand
72%
78.4%8.28 millionCzechia
69%
60.2%0.77 millionEstonia
69%
45.3%0.96 millionLatvia
67%
29.9%28.76 millionVietnam
67%
26.7%0.14 millionLuxembourg
64%
36.5%1.16 millionMongolia
58%
28.6%2.69 millionBelarus
47%
41.5%1.45 millionUruguay
25%

Score Distribution

Percentile by Number Answered

Percent of People with Each Score

Your Score History

You have not taken this quiz